000 00410cam a22001337a 4500
008 180718b1962 xxu||||| |||| 00| 0 eng d
082 _aT16x71 M189r
100 _aCraig, R. McIvor
245 _aRecent growth in Canadian co-operatives
_cby R. Craig McIvor
260 _aToronto
_bCanadian Tax Foundation
_c1962
300 _a71,23p.
650 _aCooperative Societies - Canada
650 _aCooperation - Canada
999 _c373029
_d373029